Demetrio Rudin

-д хадгалсан:
Номзүйн дэлгэрэнгүй
Үндсэн зохиолч: Turgueniev, Ivan Sergueevich (Зохиогч)
Формат: Ном
Хэл сонгох:испани
Хэвлэсэн: Buenos Aires Libreria Hachette S. A 1946
Хэвлэл:1a. ed
Цуврал:Clásicos y Modernos, 121
Нөхцлүүд:
Шошгууд: Шошго нэмэх
Шошго байхгүй, Энэхүү баримтыг шошголох эхний хүн болох!

MARC

LEADER 00000cam a2200000 a 4500
001 UCE8020
003 CL-VaPUC
008 150728e19460000ag |||||||||||||||||spa|d
082 0 4 |a 891.703  |b TUR  |2 21 
100 0 |a Turgueniev, Ivan Sergueevich  |e author  |9 580704 
245 1 0 |a Demetrio Rudin 
250 |a 1a. ed 
300 |a 183 p 
942 |c BK 
945 |d 20150728 02:04:00  |a dcastane 
260 |a Buenos Aires  |b Libreria Hachette S. A  |c 1946 
650 0 |a Novelas rusas   |9 316330 
650 0 |a Literatura rusa  |9 318370 
583 |a last modification  |c 20150728 02:04:00  |k Rodrigo Vera 
490 0 |a Clásicos y Modernos, 121 
999 |c 359977  |d 359975 
952 |0 0  |1 0  |3 erb  |4 0  |6 891_703000000000000_TUR_1946  |7 0  |8 A  |9 469600  |a BIBEDU  |b BIBEDU  |e Villagrán Garnham, Jorge  |i 5186412  |o 891.703 TUR 1946  |p 5186412  |r 2019-11-23  |w 2019-11-23  |y BK  |z Catalogado en:20150728  |k LIT